Normal view
MARC view
Entry Topical Term
001 - CONTROL NUMBER
- control field: 8045
003 - CONTROL NUMBER IDENTIFIER
- control field: ARRUPE
005 - DATE AND TIME OF LATEST TRANSACTION
- control field: 20140205163940.0
008 - FIXED-LENGTH DATA ELEMENTS
- fixed length control field: 140205|| aca||aabn | a|a d
040 ## - CATALOGING SOURCE
- Original cataloging agency: ARRUPE
- Transcribing agency: ARRUPE
150 ## - HEADING--TOPICAL TERM
- Topical term or geographic name as entry element: Jesuits
- General subdivision: Apostolate
- General subdivision: Fund raising
670 ## - SOURCE DATA FOUND
- Source citation: Work cat.: (ARRUPE): Serrano-Ordonez, Jorge Eduado 8044, We are Together, 2012